Music Quiz

Random Music or Rock Quiz

Rock Bands and Musicians Quiz Stats

Quiz not verified by Sporcle

Challenge
Share
Tweet
Score 0/30 Timer 10:00
0 Plays Today
% Correct
AC
98.1%
Aerosmith, Steven Tyler
17%
Black Sabbath, Ozzy Osbourne
13.2%
Bon Jovi, Jon Bon Jovi
13.2%
Eric Clapton
13.2%
David Bowie, Ziggy Stardust
5.7%
Iron Maiden, Bruce Dickinson
5.7%
Kiss, Gene Simmons
5.7%
Metallica, James Hetfield
5.7%
Queen, Freddie Mercury
5.7%
U2, Bono
5.7%
Def Leppard, Joe Elliott
3.8%
Jimi Hendrix Experience, Jimi Hendrix
3.8%
Joan Jett and the Blackhearts, Joan Jett
3.8%
Journey, Steve Perry
3.8%
% Correct
Judas Priest, Rob Halford
3.8%
Motley Crue, Vince Neil
3.8%
Nirvana, Kurt Cobain
3.8%
Pink Floyd, David Gilmour
3.8%
Rush, Geddy Lee
3.8%
The Who, Pete Townshend
3.8%
Alice Cooper, Vincent Furier
1.9%
Creedence Clearwater Revival, CCR, John Fogerty
1.9%
Deep Purple, Ian Gillan
1.9%
Guns N' Roses, GNR, Axl Rose
1.9%
Led Zeppelin, Led Zep, Robert Plant
1.9%
Lynyrd Skynyrd, Johnny Van Zant
1.9%
Pearl Jam, Eddie Vedder
1.9%
Red Hot Chili Peppers, RHCP, Anthony Kiedis
1.9%
ZZ Top, Billy Gibbons, Dusty Hill
1.9%

You're not logged in!

Compare scores with friends on all Sporcle quizzes.
Join for Free
OR
Log In

You Might Also Like...

Show Comments

Extras

Created Aug 20, 2016ReportNominate
Tags:Rock Quiz, musician

Top Quizzes Today


Score Distribution

Your Account Isn't Verified!

In order to create a playlist on Sporcle, you need to verify the email address you used during registration. Go to your Sporcle Settings to finish the process.

Report this User

Report this user for behavior that violates our Community Guidelines.

Details: